Kleinere Schriften zur Logik und Metaphysik / Abt. 1 Die Schriften von 1755 - 65

Saved in:  
Bibliographic Details
Main Author: Kant, Immanuel 1724-1804 (Author)
Contributors: Vorländer, Karl 1860-1928 (Other)
Format: Print Book
Language:German
Subito Delivery Service: Order now.
Check availability: HBZ Gateway
WorldCat: WorldCat
Interlibrary Loan:Interlibrary Loan for the Fachinformationsdienste (Specialized Information Services in Germany)
Published: Leipzig Dürr 1905
In: Kleinere Schriften zur Logik und Metaphysik
Year: 1905
Edition:2. Aufl
Series/Journal:Philosophische Bibliothek 46a
Sammlungen:

MARC

LEADER 00000cam a2200000 cc4500
001 253561868
003 DE-627
005 20230316120227.0
007 tu
008 990125s1905 xx ||||| 00| ||ger c
035 |a (DE-627)253561868 
035 |a (DE-576)9253561866 
035 |a (DE-599)GBV253561868 
035 |a (OCoLC)246061303 
040 |a DE-627  |b ger  |c DE-627  |e rakwb 
041 |a ger 
044 |c XA-DXDE 
100 1 |0 (DE-588)118559796  |0 (DE-627)133368785  |0 (DE-576)208982949  |4 aut  |a Kant, Immanuel  |d 1724-1804 
109 |a Kant, IImmanuil 1724-1804  |a Kant, `Imanu'el 1724-1804  |a Kant, Im. 1724-1804  |a Ḳanṭ, ʿImanuʾel 1724-1804  |a Kant, Imanuil 1724-1804  |a Kantas, I. 1724-1804  |a K`ant`u 1724-1804  |a Kantius, Immanuel 1724-1804  |a Kānt, `Ammānūʹīl 1724-1804  |a Kant, Manuele 1724-1804  |a Kant, Immanuïl 1724-1804  |a Kant, Emanuele 1724-1804  |a Kant, Emanuel 1724-1804  |a Kang de 1724-1804  |a Kant, Immanuell 1724-1804  |a K'ang-tê, I. 1724-1804  |a Kangde, Yimannuer 1724-1804  |a Canto, I. 1724-1804  |a Kanto, I. 1724-1804  |a Kant, Emmanuele 1724-1804  |a Qanṭ, Immānū'ēl 1724-1804  |a Kant, Imanuwil 1724-1804  |a Kānt, ʿImānūīl 1724-1804  |a Kant, Imanuel 1724-1804  |a Kantas, Imanuelis 1724-1804  |a Kānṭ, Imainual 1724-1804  |a Kant, Inmanuel 1724-1804  |a Kānt 1724-1804  |a Kanto 1724-1804  |a Kant 1724-1804  |a Kant, Amanuil 1724-1804  |a Kant, Immanual 1724-1804  |a Kānt, ʿAmānūʾīl 1724-1804  |a Kant, Imanuell 1724-1804  |a Kantius 1724-1804  |a Kant, Immanowel 1724-1804  |a Yimannuer-Kangde 1724-1804  |a Kānṭ, ʿAmmānūʾīl 1724-1804  |a Kant, M. 1724-1804  |a K'ang-tê 1724-1804  |a Kant, Immānū'ēl 1724-1804  |a Kānt, ʿImānūʾīl 1724-1804  |a Kanti, Imanuel 1724-1804  |a Kanto, Imanueru 1724-1804  |a Kangde 1724-1804  |a Kant, Imānūīl 1724-1804  |a Kant, Emmanuel 1724-1804  |a Kant, Immanuelʹ 1724-1804  |a Kant, Manuel 1724-1804  |a Kant, Immanuel 1724-1804  |a Kants, Immanuēls 1724-1804  |a Cant 1724-1804  |a Kant, I. 1724-1804  |a Kants, Imanuels 1724-1804  |a Yi man nu er Kang de 1724-1804  |a Kant, Immanuil 1724-1804  |a Kan teu 1724-1804  |a Kant, E. 1724-1804  |a Pseudo-Kant 1724-1804  |a Kant, Imm. 1724-1804  |a Kantius, Immanowel 1724-1804  |a Kant, Imainual 1724-1804  |a K`ang-te 1724-1804  |a I ma nu el Kan teu 1724-1804  |a Kan teu, I ma nu el 1724-1804 
245 1 0 |a Kleinere Schriften zur Logik und Metaphysik  |n Abt. 1  |p Die Schriften von 1755 - 65  |c Immanuel Kant. Karl Vorländer 
250 |a 2. Aufl 
264 1 |a Leipzig  |b Dürr  |c 1905 
300 |a VI, XXXII, 169 S 
336 |a Text  |b txt  |2 rdacontent 
337 |a ohne Hilfsmittel zu benutzen  |b n  |2 rdamedia 
338 |a Band  |b nc  |2 rdacarrier 
490 1 |a Philosophische Bibliothek  |v 46a 
601 |a Schrift 
601 |a Metaphysik 
700 1 |0 (DE-588)11749366X  |0 (DE-627)13433762X  |0 (DE-576)163442495  |4 oth  |a Vorländer, Karl  |d 1860-1928 
773 1 8 |a Kleinere Schriften zur Logik und Metaphysik  |w (DE-627)137403348  |w (DE-576)9137403346  |g Abt. 1  |q 1.1905  |7 nnam 
830 0 |a Philosophische Bibliothek  |v 46a  |9 46,a.1905  |w (DE-627)130215368  |w (DE-576)000626228  |w (DE-600)536403-6  |x 2365-2861  |7 am 
935 |a FRST  |a mteo 
951 |a MV 
ELC |b 1 
LOK |0 000 xxxxxcx a22 zn 4500 
LOK |0 001 4291492669 
LOK |0 003 DE-627 
LOK |0 004 253561868 
LOK |0 005 20240915080731 
LOK |0 008 230316||||||||||||||||ger||||||| 
LOK |0 040   |a DE-Tue135  |c DE-627  |d DE-Tue135 
LOK |0 092   |o n 
LOK |0 852   |a DE-Tue135 
LOK |0 852 1  |9 00 
LOK |0 866   |x SPQUE#Bibliothek der Franckeschen Stiftungen#SPSAM#Bibliothek des Leipziger Missionswerkes#SPUSM#Lehrerbibliothek#SPSYS#lehb_systematik_P 
LOK |0 935   |a FRST  |a lemw  |a lehb 
LOK |0 939   |a 16-03-23  |b l01 
ORI |a SA-MARC-ixtheoa001.raw